header

Challenges for Arabic machine translation (Record no. 111882)

MARC details
000 -LEADER
fixed length control field 01410nam a2200349Ia 4500
082 04 - DEWEY DECIMAL CLASSIFICATION NUMBER
Classification number 492.7/8020285635
245 00 - TITLE STATEMENT
Title Challenges for Arabic machine translation
260 ## - PUBLICATION, DISTRIBUTION, ETC. (IMPRINT)
Place of publication Amsterdam ;
-- Philadelphia :
Name of publisher John Benjamins Pub. Co.,
Year of publication 2012.
300 ## - PHYSICAL DESCRIPTION
Number of Pages viii, 157 p.
490 0# - SERIES STATEMENT
Series statement Natural language processing ;
650 #0 - SUBJECT ADDED ENTRY--TOPICAL TERM
Topical Term Machine translating.
Topical Term English language
Topical Term Arabic language
Topical Term Speech processing systems.
700 1# - ADDED ENTRY--PERSONAL NAME
Personal name Soudi, Abdelhadi.
856 40 - ELECTRONIC LOCATION AND ACCESS
Uniform Resource Identifier http://site.ebrary.com/lib/rucke/Doc?id=10593797

No items available.

© 2026 Rongo University
Contact us: librarian | system librarian | Rongo university